000 00233nam a22000857a 4500
008 170607b xxu||||| |||| 00| 0 eng d
100 _93312
_aDas. M
245 _aStories of light and delight
260 _aNew Delhi
_bNational Book Trust
_c2004
999 _c6630
_d6630